苏锡常地图 Suzhou-Wuxi-Changzhou Map Quiz - Statistics

General Stats
  • This quiz has been taken 256 times
  • The average score is 17 of 22
Answers on the Map
Answers color-coded by a green-red scale on the quiz's map according to % correct below.
 
Answer Stats
Answer % Correct
常熟市
94%
昆山市
94%
张家港市
92%
姑苏区
90%
太仓市
90%
江阴市
90%
宜兴市
88%
吴中区
83%
吴江区
81%
武进区
81%
相城区
77%
虎丘区
76%
溧阳市
75%
锡山区
73%
金坛区
71%
惠山区
67%
梁溪区
64%
滨湖区
60%
新吴区
57%
新北区
57%
钟楼区
57%
天宁区
54%
No matching quizzes found
Score Distribution
Percent of People with Each Score
Percentile by Number Answered
Your Score History
You have not taken this quiz